Statistics for 2015 Year in Review

Click here to take the quiz!

General Stats

  • This quiz has been taken 18,903 times
  • The average score is 14 of 22

Answer Stats

Cljue Answer % Correct
Islamic terrorists kill 130 people in this European cityParis
94%
Refugees from this country flood EuropeSyria
87%
This outlandish Republican candidate proposes building
a wall between the U.S. and Mexico
Donald Trump
87%
This object is either white and gold, or blue and black,
depending on the person who sees it
The Dress
83%
Song: "Hello"Adele
82%
Zayn Malik parts ways with this bandOne Direction
79%
Bruce Jenner changes her name to this{Caitlyn} Jenner
79%
The U.S. Supreme Court votes to legalize thisSame-Sex Marriage
75%
Justin Trudeau is elected Prime Minister of this countryCanada
74%
This American comedian is accused of drugging
and raping several women
Bill Cosby
72%
This automaker is caught cheating on emissions testsVolkswagen
67%
Sepp Blatter resigns as President of this
corruption-plagued organization
FIFA
64%
Movie: Stranded on MarsThe Martian
64%
Song: "Hotline Bling"Drake
63%
Movie: DinosaursJurassic World
62%
This country shoots down a Russian planeTurkey
56%
This boxer defeats Manny PacquiaoFloyd Mayweather
56%
Movie: Five EmotionsInside Out
54%
Song: "Uptown Funk"Mark Ronson
46%
This beloved lion is shot by an American dentistCecil
44%
This Kuiper Belt object is visited by the
New Horizons spacecraft
Pluto
28%
2,400 people are killed by a stampede
at this annual gathering
Hajj
28%

Score Distribution

Percentile by Number Answered

Percent of People with Each Score

Your Score History

You have not taken this quiz